Disabled access to businesses (Record no. 70483)

MARC details
000 -LEADER
fixed length control field 00958cam a2200193 4500
001 - CONTROL NUMBER
control field WB3821-14
008 - FIXED-LENGTH DATA ELEMENTS--GENERAL INFORMATION
fixed length control field 020613n2002 000 0 eng u
035 ## - SYSTEM CONTROL NUMBER
System control number (Sirsi) u118406
245 ## - TITLE STATEMENT
Title Disabled access to businesses
260 ## - PUBLICATION, DISTRIBUTION, ETC.
Date of publication, distribution, etc. 2002
490 ## - SERIES STATEMENT
Series statement RICS News Service
Volume/sequential designation 7 June 2002, (1)
520 ## - SUMMARY, ETC.
Summary, etc. Disability rights commission has published a new code of practice on the rights of access that businesses and service providers must give to diabled people. The code outlines the final set of access duties under the Disability Discrimination Act 1995 which comes into force in October 2004.Code of practice is available http://www.drc-gb.org/drc/Documents/Code%20of%20Practice.pdf http://www.rics.org/ricscms/bin/show?class=News&template=/includes/shownews.html&id=2719
590 ## - LOCAL NOTE (RLIN)
Local note WB
650 ## - SUBJECT ADDED ENTRY--TOPICAL TERM
Topical term or geographic name entry element DISABILITY RIGHTS COMMISSION
650 ## - SUBJECT ADDED ENTRY--TOPICAL TERM
Topical term or geographic name entry element RIGHTS OF ACCESS
650 ## - SUBJECT ADDED ENTRY--TOPICAL TERM
Topical term or geographic name entry element DISABILITY DISCRIMINATION ACT 1995
690 ## - LOCAL SUBJECT ADDED ENTRY--TOPICAL TERM (OCLC, RLIN)
Topical term or geographic name as entry element LAW-UK
942 ## - ADDED ENTRY ELEMENTS (KOHA)
Suppress in OPAC 0
Holdings
Withdrawn status Lost status Source of classification or shelving scheme Damaged status Not for loan Home library Current library Shelving location Date acquired Total Checkouts Full call number Barcode Date last seen Copy number Price effective from Koha item type
    Dewey Decimal Classification     London London News article 13/06/2002   WB3821-14 118406-1001 06/08/2019 1 06/08/2019 News article